01323nam a2200265 a 450000100060000000300080000600500170001400800410003102000160007203500190008804000320010704100080013908200380014711000770018524503170026224601500057926000500072930000380077949000260081765100550084365100730089870000250097171000350099683000260103164199BD-RjUL20211209081300.0170126s1963 pk s o00| 0 eng  c: PRs. 3.50 a(BD-RjUL)64329 aDLCcDLCdDLCdBD-RjULbeng aeng a304.609549021223bBAH 1963 (DCR) aPakistan.bMinistry of Home and Kashmir Affairs (Home Affairs Division).10aPopulation census of Pakistan, 1961 : bDistrict census report, Bahawalpur. Parts I-V : General description, general tables, housing tables, population tables, and village statistics. / cPakistan. Ministry of Home and Kashmir Affairs (Home Affairs Division) ; Census organization (Pakistan) ; A. Rashid, [comp.] aDistrict census report, Bahawalpur:bParts I-V : General description, general tables, housing tables, population tables, and village statistics.  aKarachi : bManager of publications,c[1963]. avarious pagings :bIll. ;c25 cm. acensus, 61 ;vNo. 130 aPakistan (West Pakistan)zBahawalpurvCensus, 1961 aPakistan (West Pakistan)zBahawalpurxPopulation vStatistics y1961 aRashid, A. , [comp.] aCensus organization (Pakistan) acensus, 61 ;vNo. 130